000 00553nam a2200217Ia 4500
005 20260429111933.0
008 260429s9999||||xx |||||||||||||| ||und||
020 _a9789392262562
041 _aEnglish
082 _a530
_bSIN
100 _aSingh, Surendra Pratap
245 0 _aModern physics /
_cSurendra Pratap Singh
250 _a1st ed.
260 _aJaipur :
_bBook Enclave,
_c2023.
300 _av, 253 p.; hb
650 _a Modern science
650 _a Quantum mechanics
650 _a Relativity
650 _aPhysics
942 _cTB
999 _c51514
_d51514